| 000 | 01261nam a22001817a 4500 | ||
|---|---|---|---|
| 005 | 20150113150852.0 | ||
| 008 | 130808b2011 ck ||||| |||| 00| 0 spa d | ||
| 040 |
_aCO-BoIAVH _cCO-BoIAVH |
||
| 041 | _aspa | ||
| 044 | _ack | ||
| 090 |
_aIAVH _b01407 |
||
| 245 | 1 | 0 | _aImplementación de herramientas de manejo del paisaje con los productores locales e integración de actividades de seguimiento al desarrollo agroecológico llevado a cabo en la zona del DMI, para consolidar un proceso integral que favorezca la producción y conservación del área de SPBANMA |
| 260 |
_aMedellín _bInstituto de Investigación de Recursos Biológicos Alexander von Humboldt _bAsociación Red Colombiana de Agricultura Biológica _c2011 |
||
| 300 | _a360 p. | ||
| 504 | _aInforme final de la implementación de herramientas del manejo del paisaje (Parte 1 de p. 1 - 48) . Informe final del proceso de capacitación en formación ciudadana y restauración ecológica (Parte 2 de p. 1 - 151) | ||
| 520 | _aEste documento recoge un informe de las actividades realizadas en el componente de aplicación de herramientas de manejo de paisaje llevadas a cabo durante 7 meses en los municipios de Belmira, Entrerrios, San José de la Montaña y Sabanalarga. | ||
| 942 |
_2z _cINFORME |
||
| 999 |
_c7523 _d7523 |
||